[Event "SRB-ch U18"]
[Site "Novi Sad"]
[Date "2022.08.05"]
[Round "6.2"]
[White "Gagic, Milan A"]
[Black "Pajcin, Lav"]
[Result "0-1"]
[WhiteElo "2216"]
[BlackElo "2196"]
[PlyCount "102"]
[EventDate "2022.08.01"]
[EventType "tourn"]
[EventRounds "9"]
[EventCountry "SRB"]
[SourceTitle "CBM 209 Extra"]
[Source "ChessBase"]
[SourceDate "2022.09.30"]
[SourceVersion "1"]
[SourceVersionDate "2022.09.30"]
[SourceQuality "1"]

1. e4 c5 2. Nf3 d6 3. d4 cxd4 4. Nxd4 Nf6 5. Nc3 Nc6 6. Bg5 e6 7. Qd2 a6 8. Nxc6 bxc6 9. 0-0-0 Be7 10. f4 Bb7 11. Bxf6 gxf6 12. Be2 Qc7 13. Bh5 Bf8 14. f5 e5 15. Qe3 0-0-0 16. Kb1 Kb8 17. Na4 d5 18. Qb6 Qxb6 19. Nxb6 Kc7 20. Na4 Rd7 21. c4 d4 22. c5 Rg8 23. g3 d3 24. b3 a5 25. Nb6 Rd4 26. Bxf7 Rg4 27. Bc4 Rgxe4 28. Bxd3 Re3 29. Kc2 Bxc5 30. Nc4 Rf3 31. g4 Rxg4 32. Nxa5 Rf2+ 33. Kb1 Rgg2 34. Nc4 Rxa2 35. Be4 Rgf2 36. Rdf1 Rxf1+ 37. Rxf1 Rxh2 38. Rf3 Rh4 39. Bc2 Rh1+ 40. Ka2 Bd4 41. Bb1 c5 42. Rg3 Rg1 43. Rh3 Rg7 44. Rh2 Bf3 45. Nd2 Kd8 46. Nc4 Ra7+ 47. Na3 e4 48. Bc2 e3 49. Bd3 c4 50. Bxc4 Bc5 51. Kb1 Bxa3 0-1

[Event "SRB-ch U18"]
[Site "Novi Sad"]
[Date "2022.08.05"]
[Round "7.3"]
[White "Milosevic, Milos"]
[Black "Gagic, Milan A"]
[Result "1-0"]
[WhiteElo "2342"]
[BlackElo "2216"]
[PlyCount "65"]
[EventDate "2022.08.01"]
[EventType "tourn"]
[EventRounds "9"]
[EventCountry "SRB"]
[SourceTitle "CBM 209 Extra"]
[Source "ChessBase"]
[SourceDate "2022.09.30"]
[SourceVersion "1"]
[SourceVersionDate "2022.09.30"]
[SourceQuality "1"]

1. e4 d5 2. exd5 Qxd5 3. Nc3 Qd6 4. d4 Nf6 5. Nf3 g6 6. g3 Bg7 7. Bg2 0-0 8. 0-0 c6 9. Bf4 Qb4 10. Rb1 Bg4 11. a3 Qb6 12. h3 Bxf3 13. Bxf3 Rd8 14. Qe2 Nd5 15. Nxd5 cxd5 16. c3 Nc6 17. h4 h5 18. Kg2 e6 19. g4 hxg4 20. Bxg4 Re8 21. Be3 Qd8 22. Bg5 Qd6 23. Rbe1 e5 24. f4 exd4 25. Qxe8+ Rxe8 26. Rxe8+ Kh7 27. f5 dxc3 28. h5 gxh5 29. Rh1 cxb2 30. Rxh5+ Bh6 31. f6 Qxf6 32. Bxf6 b1Q 33. Rh8+ 1-0

[Event "SRB-ch U18"]
[Site "Novi Sad"]
[Date "2022.08.02"]
[Round "2.4"]
[White "Gagic, Milan A"]
[Black "Orlic, Vukasin"]
[Result "1-0"]
[WhiteElo "2216"]
[BlackElo "1784"]
[PlyCount "29"]
[EventDate "2022.08.01"]
[EventType "tourn"]
[EventRounds "9"]
[EventCountry "SRB"]
[SourceTitle "CBM 209 Extra"]
[Source "ChessBase"]
[SourceDate "2022.09.30"]
[SourceVersion "1"]
[SourceVersionDate "2022.09.30"]
[SourceQuality "1"]

1. e4 c5 2. Nf3 e6 3. d4 cxd4 4. Nxd4 Nc6 5. Nxc6 bxc6 6. Bd3 d5 7. 0-0 Nf6 8. Nc3 Be7 9. Qe2 0-0 10. b3 Nd7 11. Bb2 Nc5 12. Rad1 Nxd3 13. Qxd3 a5 14. Qg3 Qd6 15. Nxd5 1-0

[Event "SRB-ch U18"]
[Site "Novi Sad"]
[Date "2022.08.02"]
[Round "3.1"]
[White "Leskovac, Nikola"]
[Black "Gagic, Milan A"]
[Result "0-1"]
[WhiteElo "1987"]
[BlackElo "2216"]
[PlyCount "106"]
[EventDate "2022.08.01"]
[EventType "tourn"]
[EventRounds "9"]
[EventCountry "SRB"]
[SourceTitle "CBM 209 Extra"]
[Source "ChessBase"]
[SourceDate "2022.09.30"]
[SourceVersion "1"]
[SourceVersionDate "2022.09.30"]
[SourceQuality "1"]

1. e4 e6 2. d4 d5 3. Nc3 Nf6 4. Bg5 Bb4 5. Nge2 dxe4 6. a3 Be7 7. Bxf6 gxf6 8. Nxe4 f5 9. N4c3 c6 10. Qd2 Nd7 11. Ng3 h5 12. 0-0-0 h4 13. Nge2 Qc7 14. Kb1 Nf6 15. Nf4 Bd7 16. Be2 0-0-0 17. Qe3 Bd6 18. g3 Rde8 19. Nd3 Nd5 20. Nxd5 exd5 21. Qd2 Qb6 22. Nc5 Bxc5 23. dxc5 Qxc5 24. Bd3 Qd6 25. Qg5 Qh6 26. Qxh6 Rxh6 27. Rhe1 Rhe6 28. Rg1 f4 29. c4 hxg3 30. cxd5 Rd6 31. hxg3 Rxd5 32. gxf4 Rxd3 33. Rxd3 Bf5 34. Rgg3 Rd8 35. Kc2 Rxd3 36. Rxd3 Kc7 37. Kc3 Bxd3 38. Kxd3 f5 39. Kc4 Kd6 40. Kd4 a5 41. Kc4 b5+ 42. Kd4 c5+ 43. Kc3 Kd5 44. Kd3 c4+ 45. Kc3 Kc5 46. Kc2 Kd4 47. Kd2 b4 48. axb4 axb4 49. Kc2 Ke4 50. Kd2 Kxf4 51. Kc2 c3 52. bxc3 bxc3 53. Kd3 Kf3 0-1